00684nam a22002057a 450000500170000001000150001702000260003203500140005803700090007208200110008110000260009224500350011825000060015326000380015927000570019730000270025494200250028199900190030695201530032520250310145133.0 aENG-144074 a9789390095315c395.00 aEN-127606 bDBAD a951.05 aSecondat, Edel979476 aXi's China/cby Edel Secondat a1 aNew Delhi bPentagon Press c2021 a206, Peacock Lane, Shahpur Jat, bNew Delhi e110049 axii,158p. c23 cm(pb)  2ddccENmSECh951.05 c210204d210204 001040708NFICaLbLd2025-03-10eDelivery of Books Act Divisiong395.00l0oSEC 951.05pEN-127606r2025-03-10 00:00:00t1v395.00w2025-03-10yEN